| 000 | 00418nam a2200145 i 4500 | ||
|---|---|---|---|
| 001 | 74856 | ||
| 003 | ES-MaACL | ||
| 007 | t| | ||
| 008 | 040921s1926 fr ||||1| fre d | ||
| 100 | 1 |
_aGranet, Marcel. _959630 |
|
| 245 | 1 | 0 |
_aDianses et légendes de la Chine ancienne / _cpar Marcel Granet. |
| 260 |
_aParis : _b[s.n., _c1926] ( _fImprimerie Nationale) |
||
| 300 |
_a2 v. ; _c23 cm. |
||
| 852 |
_aES-MaACL _jB-6558-6559 |
||
| 999 |
_c74856 _d74856 |
||